000 00742nac a22001571u 4500
008 110911s1933 ua|||||r|||| 00| 0 ara d
082 _a243
_bص ب ر
_222
100 _aصبري ، مصطفى
_927092
245 _aموقف البشر تحت سلطان القدر /
_cمصطفى صبري
260 _aالقاهرة :
_bالمطبعة السلفية ومكتبتها، [1933?]
_c[1933?]
300 _a299 ص ؛
_c24 سم
504 _aيشتمل على إرجاعات ببليوجرافية ص 287-299
650 _aالقضاء والقدر
_927094
942 _cBB
_k243 ص ب ر
_2ddc
999 _c5799
_d5799